Catholic University of Zimbabwe Library
Online Public Access Catalogue
(OPAC)

Die Digitale Transformation im Gesundheitswesen (Record no. 33565)

MARC details
000 -LEADER
fixed length control field 02558nam a22003737a 4500
001 - CONTROL NUMBER
control field 103092
003 - CONTROL NUMBER IDENTIFIER
control field KnowledgeUnlatched
005 - DATE AND TIME OF LATEST TRANSACTION
control field 20210303105106.0
006 - FIXED-LENGTH DATA ELEMENTS--ADDITIONAL MATERIAL CHARACTERISTICS
fixed length control field m o d
007 - PHYSICAL DESCRIPTION FIXED FIELD--GENERAL INFORMATION
fixed length control field cr u||||||||||
008 - FIXED-LENGTH DATA ELEMENTS--GENERAL INFORMATION
fixed length control field 210129p20182019xx o u00| u ger d
037 ## - SOURCE OF ACQUISITION
Institution to which field applies BiblioBoard
020 ## - INTERNATIONAL STANDARD BOOK NUMBER
International Standard Book Number 9783954663576
029 1# - OTHER SYSTEM CONTROL NUMBER (OCLC)
OCLC library identifier https://library.biblioboard.com/ext/api/media/7f9582ce-438a-4e94-8b81-2518f6f66290/assets/thumbnail.jpg
040 ## - CATALOGING SOURCE
Original cataloging agency ScCtBLL
Transcribing agency ScCtBLL
245 04 - TITLE STATEMENT
Title Die Digitale Transformation im Gesundheitswesen
Remainder of title Transformation, Innovation, Disruption /
Statement of responsibility, etc. David Matusiewicz, Christian Pittelkau, Arno Elmer.
264 #1 - PRODUCTION, PUBLICATION, DISTRIBUTION, MANUFACTURE, AND COPYRIGHT NOTICE
Name of producer, publisher, distributor, manufacturer MWV Medizinisch Wissenschaftliche Verlagsgesellschaft,
300 ## - PHYSICAL DESCRIPTION
Extent 1 online resource (374 p.)
506 0# - RESTRICTIONS ON ACCESS NOTE
Terms governing access Access copy available to the general public.
Standardized terminology for access restriction Unrestricted
Source of term star
520 ## - SUMMARY, ETC.
Summary, etc. "Der digitale Wandel macht vor keiner Branche halt: Die Digitalisierung wird auch die Gesundheitswirtschaft in den nächsten Jahren deutlich verändern. Dies betrifft Kostenträger und Leistungserbringer, aber vor allem die Versicherten und Patienten, die durch digitale Lösungen eine aktive Rolle als souveräne Kunden einnehmen werden. Online-Apotheken greifen die stationären Apotheken an, das Krankenhaus 4.0 setzt auf digitale Patientenakten, Start-ups und Entrepreneure bauen an Apps und Lösungen für ein innovatives Gesundheitssystem. Das Buch beleuchtet aus verschiedenen Perspektiven praxisnah und fundiert die Digitalisierung im Gesundheitswesen. Akteure aus Politik, Krankenversicherung, Gesundheitseinrichtungen, Selbstverwaltung und Wirtschaft verorten ihre Institutionen in der digitalen Transformation. Experten, junge Entscheider und Start-ups zeigen Chancen, Herausforderungen und Grenzen auf und gehen der Frage nach, wie die Digitalisierung die Gesundheitsversorgung verändern wird."
588 0# - SOURCE OF DESCRIPTION NOTE
Source of description note Description based on print version record.
590 ## - LOCAL NOTE (RLIN)
Local note KU Open Services
650 #7 - SUBJECT ADDED ENTRY--TOPICAL TERM
Topical term or geographic name entry element Medical
Source of heading or term bisacsh
650 #0 - SUBJECT ADDED ENTRY--TOPICAL TERM
Topical term or geographic name entry element Medicine
655 #0 - INDEX TERM--GENRE/FORM
Genre/form data or focus term Electronic books.
700 1# - ADDED ENTRY--PERSONAL NAME
Personal name Matusiewicz, David
Relator term editor.
700 1# - ADDED ENTRY--PERSONAL NAME
Personal name Pittelkau, Christian
Relator term editor.
700 1# - ADDED ENTRY--PERSONAL NAME
Personal name Elmer, Arno
Relator term editor.
758 ## -
-- Is found in:
-- Knowledge Unlatched
-- https://openresearchlibrary.org/module/2774bc74-146a-484f-a7ba-ab1d6a09bbfb
856 40 - ELECTRONIC LOCATION AND ACCESS
Uniform Resource Identifier <a href="https://openresearchlibrary.org/content/7f9582ce-438a-4e94-8b81-2518f6f66290">https://openresearchlibrary.org/content/7f9582ce-438a-4e94-8b81-2518f6f66290</a>
Public note View this content on Open Research Library.
-- 0
Holdings
Withdrawn status Lost status Source of classification or shelving scheme Damaged status Not for loan Home library Current library Shelving location Date acquired Total Checkouts Date last seen Uniform Resource Identifier Price effective from Koha item type
          Digital Library Digital Library Online Access 03.03.2021   03.03.2021 https://openresearchlibrary.org/content/7f9582ce-438a-4e94-8b81-2518f6f66290 03.03.2021 eBook

OPENING HOURS

Weekdays: 0815hrs - 1800hrs
Weekends:0900hrs - 1200hrs

Closed for Mass:

Mon, Thur: 1200hrs - 1300hrs
Sunday & Public Holiday’s

CALL SUPPORT

0242-570570, 0242-570169
09200664, +263 8644140602

LOCATION

18443, Cranborne Avenue, Hatfield, Harare

Other Links


©2021 | CUZ Library